[Event "HUN-ch U10"]
[Site "Balatonlelle"]
[Date "2016.06.26"]
[Round "4"]
[White "Toth, Gergely"]
[Black "Kocsis, Peter"]
[Result "0-1"]
[WhiteElo "1298"]
[BlackElo "1591"]
[PlyCount "104"]
[EventDate "2016.06.24"]
[EventType "swiss"]
[EventRounds "9"]
[EventCountry "HUN"]
[SourceTitle "CBM 173 Extra"]
[Source "ChessBase"]
[SourceDate "2016.08.29"]
[SourceVersion "1"]
[SourceVersionDate "2016.08.29"]
[SourceQuality "1"]

1. e4 e5 2. Nf3 Nc6 3. Bb5 a6 4. Ba4 Nf6 5. 0-0 d6 6. Re1 Be7 7. c3 b5 8. Bc2 0-0 9. d4 h6 10. h3 Re8 11. Nbd2 Bf8 12. Nf1 Na5 13. Ne3 exd4 14. Qxd4 c5 15. Qd1 Nxe4 16. Nd5 f5 17. Nd2 Nxd2 18. Rxe8 Qxe8 19. Nc7 Qc6 20. Qxd2 Bb7 21. f3 Qxc7 22. Bxf5 Nc4 23. Be6+ Kh8 24. Qc2 Qe7 25. Qf5 Qf6 26. Qg4 Ne5 27. Qf5 Qxf5 28. Bxf5 Re8 29. Bf4 g6 30. Bxe5+ Rxe5 31. Bxg6 Kg7 32. Bd3 Be7 33. f4 Re3 34. Rd1 Bh4 35. f5 Re1+ 36. Rxe1 Bxe1 37. Kf1 Bg3 38. Be2 Kf6 39. Bg4 Be4 40. b3 a5 41. a3 b4 42. axb4 axb4 43. c4 Bc2 44. Ke2 Bxb3 45. Kd2 Bxc4 46. Bd1 Bf1 47. Bf3 c4 48. Kc2 Kxf5 49. Bd5 Ke5 50. Bf3 d5 51. Bxd5 Kxd5 52. Kb2 Bd3 0-1

[Event "HUN-ch U10"]
[Site "Balatonlelle"]
[Date "2016.06.25"]
[Round "3"]
[White "Pirity, Mate Robert"]
[Black "Toth, Gergely"]
[Result "1/2-1/2"]
[WhiteElo "1142"]
[BlackElo "1298"]
[PlyCount "59"]
[EventDate "2016.06.24"]
[EventType "swiss"]
[EventRounds "9"]
[EventCountry "HUN"]
[SourceTitle "CBM 173 Extra"]
[Source "ChessBase"]
[SourceDate "2016.08.29"]
[SourceVersion "1"]
[SourceVersionDate "2016.08.29"]
[SourceQuality "1"]

1. Nf3 d5 2. g3 Nc6 3. Bg2 e5 4. d3 Nf6 5. 0-0 Be7 6. Na3 0-0 7. c4 d4 8. Nc2 Bd7 9. b4 Nxb4 10. Nxb4 Bxb4 11. Nxe5 Qe8 12. Nxd7 Qxd7 13. Bxb7 Rab8 14. Bg2 Bc3 15. Ba3 Rfe8 16. Rc1 Rb6 17. e3 Ra6 18. Bc5 Rxa2 19. Qb3 Ra5 20. Bb4 Bxb4 21. Qxb4 Ra4 22. Qc5 dxe3 23. Bc6 exf2+ 24. Rxf2 Qxd3 25. Bxa4 Ne4 26. Qxa7 Nxf2 27. Bxe8 Nh3+ 28. Kg2 Qd2+ 29. Kxh3 Qxc1 30. Bc6 1/2-1/2

[Event "HUN-chT2 Charousek 1516"]
[Site "Hungary"]
[Date "2016.02.14"]
[Round "5.11"]
[White "Fur, Katinka"]
[Black "Toth, Gergely"]
[Result "1/2-1/2"]
[WhiteElo "1993"]
[BlackElo "2135"]
[PlyCount "60"]
[EventDate "2015.10.18"]
[EventType "team-tourn"]
[EventRounds "9"]
[EventCountry "HUN"]
[SourceTitle "EXT 2017"]
[Source "ChessBase"]
[SourceDate "2016.10.25"]
[SourceVersion "1"]
[SourceVersionDate "2016.10.25"]
[SourceQuality "1"]
[WhiteTeam "Balatonfuered"]
[BlackTeam "Paks ASE II"]
[WhiteTeamCountry "HUN"]
[BlackTeamCountry "HUN"]

1. d4 Nf6 2. Nf3 e6 3. c4 b6 4. g3 Ba6 5. b3 Bb7 6. Bg2 Bb4+ 7. Bd2 a5 8. 0-0 0-0 9. Bf4 d5 10. c5 a4 11. a3 axb3 12. Qxb3 Ba5 13. Rc1 Ba6 14. cxb6 Bxb6 15. e3 Nbd7 16. Qc2 Qe7 17. a4 c5 18. dxc5 Nxc5 19. Bg5 h6 20. Bxf6 Qxf6 21. Nc3 Bc4 22. Nd2 Bd3 23. Qd1 Rfc8 24. Nb3 Bc4 25. Nxc5 Bxc5 26. Nb5 Ra5 27. Bf1 Bxf1 28. Qxf1 Qd8 29. Qd3 Bb6 30. Rxc8 Qxc8 1/2-1/2

[Event "HUN-chT2 Charousek 1213"]
[Site "Hungary"]
[Date "2013.02.17"]
[Round "7"]
[White "Koczo, Kristof"]
[Black "Toth, Gergely"]
[Result "0-1"]
[WhiteElo "2199"]
[BlackElo "2231"]
[PlyCount "126"]
[EventDate "2012.09.16"]
[EventType "team-tourn"]
[EventRounds "11"]
[EventCountry "HUN"]
[SourceTitle "EXT 2014"]
[Source "ChessBase"]
[SourceDate "2013.11.20"]
[SourceVersion "1"]
[SourceVersionDate "2013.11.20"]
[SourceQuality "1"]
[WhiteTeam "Kobanya Aquarena"]
[BlackTeam "Paks II"]
[WhiteTeamCountry "HUN"]
[BlackTeamCountry "HUN"]

1. d4 Nf6 2. c4 e6 3. Nc3 Bb4 4. Bd2 b6 5. a3 Bxc3 6. Bxc3 Bb7 7. e3 0-0 8. Nf3 c5 9. b3 Ne4 10. Bb2 d6 11. Bd3 Nd7 12. Qc2 f5 13. 0-0-0 Ndf6 14. h3 d5 15. Ne5 cxd4 16. Bxe4 Nxe4 17. Rxd4 Rc8 18. Rhd1 Qc7 19. f4 b5 20. g4 bxc4 21. bxc4 Nd6 22. Bc3 Ba6 23. Bb4 Bxc4 24. Nxc4 Nxc4 25. Bxf8 Kxf8 26. Rxc4 Qxc4 27. Qxc4 Rxc4+ 28. Kb2 fxg4 29. hxg4 Ke7 30. Rd3 Kd6 31. Rb3 Kc7 32. g5 h6 33. gxh6 gxh6 34. Rd3 a5 35. f5 Kd6 36. f6 Rc8 37. e4 Rf8 38. exd5 exd5 39. Rd4 Ke6 40. Ra4 Ra8 41. Rf4 Kf7 42. Kc3 Rc8+ 43. Kd3 Rc4 44. Rf3 Ra4 45. Kc2 h5 46. Rf5 h4 47. Kb3 Rd4 48. Kc3 Rc4+ 49. Kb3 a4+ 50. Kb2 Rg4 51. Rxd5 Kxf6 52. Rh5 Kg6 53. Rh8 Kf5 54. Ra8 Kf4 55. Rxa4+ Kg3 56. Ra8 h3 57. Rc8 h2 58. Rc1 Kg2 59. Kb3 h1Q 60. Rxh1 Kxh1 61. a4 Kg2 62. a5 Kg3 63. Ka3 Kh4 0-1

[Event "HUN-chT2 Charousek 1213"]
[Site "Hungary"]
[Date "2012.11.04"]
[Round "3"]
[White "Toth, Gergely"]
[Black "Forgacs, Attila"]
[Result "1-0"]
[WhiteElo "2231"]
[BlackElo "2197"]
[PlyCount "63"]
[EventDate "2012.09.16"]
[EventType "team-tourn"]
[EventRounds "11"]
[EventCountry "HUN"]
[SourceTitle "EXT 2014"]
[Source "ChessBase"]
[SourceDate "2013.11.20"]
[SourceVersion "1"]
[SourceVersionDate "2013.11.20"]
[SourceQuality "1"]
[WhiteTeam "Paks II"]
[BlackTeam "Balatonfuered"]
[WhiteTeamCountry "HUN"]
[BlackTeamCountry "HUN"]

1. e4 c5 2. Nf3 d6 3. d4 cxd4 4. Qxd4 Nc6 5. Bb5 Bd7 6. Bxc6 Bxc6 7. Nc3 Nf6 8. Bg5 e6 9. 0-0-0 Be7 10. Kb1 0-0 11. h4 Qc7 12. h5 h6 13. Bh4 Rfd8 14. g4 d5 15. e5 Ne4 16. Bxe7 Qxe7 17. g5 hxg5 18. Rhg1 Rac8 19. b3 b5 20. Qe3 Nxc3+ 21. Qxc3 d4 22. Nxd4 Be4 23. Qe3 Bh7 24. Rd2 Rd5 25. Rxg5 Rdc5 26. h6 Bg6 27. hxg7 Kxg7 28. f4 Rc3 29. Qg1 Kf8 30. Qh1 Kg8 31. Rh2 Kg7 32. Rh7+ 1-0

[Event "HUN-chT2 Charousek 1112"]
[Site "Hungary"]
[Date "2012.03.11"]
[Round "7"]
[White "Papagorasz, Takisz"]
[Black "Toth, Gergely"]
[Result "1/2-1/2"]
[WhiteElo "2171"]
[BlackElo "2195"]
[PlyCount "117"]
[EventDate "2011.09.25"]
[EventType "team-tourn"]
[EventRounds "11"]
[EventCountry "HUN"]
[SourceTitle "EXT 2013"]
[Source "ChessBase"]
[SourceDate "2012.11.22"]
[SourceVersion "1"]
[SourceVersionDate "2012.11.22"]
[SourceQuality "1"]
[WhiteTeam "Fehervar"]
[BlackTeam "Paks II"]
[WhiteTeamCountry "HUN"]
[BlackTeamCountry "HUN"]

1. d4 Nf6 2. c4 e6 3. Nf3 b6 4. g3 Ba6 5. Qc2 Bb7 6. Bg2 Bb4+ 7. Bd2 Bxd2+ 8. Nbxd2 c5 9. e4 cxd4 10. Nxd4 0-0 11. 0-0 d6 12. Rfd1 a6 13. Rac1 Nbd7 14. h3 Qc7 15. Qd3 Rfd8 16. Qe2 Rac8 17. g4 Ne5 18. g5 Nfd7 19. Nf1 Ng6 20. Qg4 Qc5 21. Ne2 h5 22. Qg3 h4 23. Qe3 Nde5 24. b3 b5 25. cxb5 Qxb5 26. a4 Qa5 27. Rxc8 Bxc8 28. Nd2 Bb7 29. f4 Nc6 30. Nc4 Qc7 31. Qb6 Qxb6+ 32. Nxb6 Kf8 33. Kf2 Ke7 34. Ke3 f6 35. gxf6+ gxf6 36. Bf3 Nf8 37. Rg1 Rb8 38. Rg7+ Kd8 39. Rf7 Ng6 40. Bh5 Nge7 41. Rxf6 Kc7 42. Nc4 Bc8 43. Nd2 d5 44. Rf7 dxe4 45. Nc3 Bd7 46. Ncxe4 Nf5+ 47. Kd3 Nb4+ 48. Ke2 Nd5 49. Kf3 Nd4+ 50. Kf2 Kc6 51. Nc4 Bc8 52. Ne5+ Kb6 53. Bd1 Nf5 54. Nc4+ Kc6 55. Bf3 Nd4 56. Ne5+ Kb6 57. Nc4+ Kc6 58. Ne5+ Kb6 59. Nc4+ 1/2-1/2

[Event "HUN-chT2 Charousek 1112"]
[Site "Hungary"]
[Date "2011.11.13"]
[Round "3"]
[White "Bea, Boglarka"]
[Black "Toth, Gergely"]
[Result "1/2-1/2"]
[WhiteElo "2113"]
[BlackElo "2195"]
[PlyCount "67"]
[EventDate "2011.09.25"]
[EventType "team-tourn"]
[EventRounds "11"]
[EventCountry "HUN"]
[SourceTitle "EXT 2013"]
[Source "ChessBase"]
[SourceDate "2012.11.22"]
[SourceVersion "1"]
[SourceVersionDate "2012.11.22"]
[SourceQuality "1"]
[WhiteTeam "Penzugyor II"]
[BlackTeam "Budapest MTK"]
[WhiteTeamCountry "HUN"]
[BlackTeamCountry "HUN"]

1. e4 c5 2. Nf3 e6 3. d4 cxd4 4. Nxd4 a6 5. Bc4 Qc7 6. Bb3 Nf6 7. Nc3 Bb4 8. Qd3 Bxc3+ 9. bxc3 Nxe4 10. Qxe4 Qxc3+ 11. Kd1 Qxa1 12. Kd2 0-0 13. Re1 Nc6 14. c3 d5 15. Qd3 Nxd4 16. cxd4 e5 17. Rxe5 Bd7 18. Ba3 Rfe8 19. Bxd5 Rxe5 20. dxe5 Bb5 21. Bxf7+ Kh8 22. Qc3 Qf1 23. Qf3 Rd8+ 24. Bd6 Rc8 25. Ba3 Ba4 26. Bg6 Qa1 27. Bxh7 Qxa2+ 28. Ke1 Qa1+ 29. Kd2 Rd8+ 30. Bd3 Qxe5 31. Qh3+ Kg8 32. Qh7+ Kf7 33. Qg6+ Kg8 34. Qh7+ 1/2-1/2

[Event "HUN-chT2 Charousek 1011"]
[Site "Hungary"]
[Date "2011.05.01"]
[Round "10"]
[White "Sipos, Janos"]
[Black "Toth, Gergely"]
[Result "0-1"]
[WhiteElo "2314"]
[BlackElo "2131"]
[PlyCount "50"]
[EventDate "2010.09.12"]
[EventType "team-tourn"]
[EventRounds "11"]
[EventCountry "HUN"]
[SourceTitle "EXT 2012"]
[Source "ChessBase"]
[SourceDate "2011.11.24"]
[SourceVersion "1"]
[SourceVersionDate "2011.11.24"]
[SourceQuality "1"]
[WhiteTeam "Aquaprofit II"]
[BlackTeam "Paks II"]
[WhiteTeamCountry "HUN"]
[BlackTeamCountry "HUN"]

1. d4 Nf6 2. c4 e6 3. Nf3 b6 4. a3 Bb7 5. Nc3 d5 6. cxd5 Nxd5 7. e4 Nxc3 8. bxc3 Bxe4 9. Ne5 Bb7 10. Qh5 g6 11. Bb5+ c6 12. Qf3 Qc7 13. Bd3 Bg7 14. Bf4 Qd8 15. Bg5 Qc7 16. Ng4 0-0 17. Bf6 Nd7 18. Bxg7 Kxg7 19. Qe3 c5 20. Rc1 f5 21. Qh6+ Kg8 22. Ne3 cxd4 23. Nd1 Qe5+ 24. Kf1 dxc3 25. h4 Qd5 0-1

[Event "HUN-chT2 Charousek 1011"]
[Site "Hungary"]
[Date "2011.04.17"]
[Round "9"]
[White "Kerek, Krisztian"]
[Black "Toth, Gergely"]
[Result "0-1"]
[WhiteElo "2332"]
[BlackElo "2131"]
[PlyCount "96"]
[EventDate "2010.09.12"]
[EventType "team-tourn"]
[EventRounds "11"]
[EventCountry "HUN"]
[SourceTitle "EXT 2012"]
[Source "ChessBase"]
[SourceDate "2011.11.24"]
[SourceVersion "1"]
[SourceVersionDate "2011.11.24"]
[SourceQuality "1"]
[WhiteTeam "Tatai Honved"]
[BlackTeam "Paks II"]
[WhiteTeamCountry "HUN"]
[BlackTeamCountry "HUN"]

1. e4 c5 2. Nf3 d6 3. d4 cxd4 4. Nxd4 Nf6 5. f3 Nc6 6. c4 g6 7. Nc3 Bg7 8. Be3 0-0 9. Be2 Bd7 10. 0-0 a6 11. Qd2 Rb8 12. a4 Qc7 13. Rfc1 Rfc8 14. Nd5 Qd8 15. a5 Nxd5 16. exd5 Nxd4 17. Bxd4 Bxd4+ 18. Qxd4 b5 19. cxb5 Bxb5 20. Bxb5 Rxb5 21. b4 Qd7 22. h4 Rcb8 23. Rab1 Qf5 24. Re1 R8b7 25. Qc4 Qxd5 26. Qc8+ Kg7 27. Qc3+ f6 28. Rbd1 Qf5 29. Qc6 Rxb4 30. Qxa6 Qc5+ 31. Kf1 Rb2 32. Re2 Rxe2 33. Qxe2 Qxa5 34. Re1 d5 35. Qd3 Qc5 36. Qd2 Qc4+ 37. Kg1 Qxh4 38. Rc1 Qg3 39. Re1 d4 40. Kf1 Qd6 41. Rc1 d3 42. Rd1 Rb3 43. Re1 Qc5 44. Rc1 Qd4 45. Re1 e5 46. Rc1 g5 47. g4 Rb2 48. Rc7+ Kg6 0-1

[Event "HUN-chT U18"]
[Site "Miskolc"]
[Date "2010.11.06"]
[Round "8.3"]
[White "Csonka, Balazs"]
[Black "Toth, Gergely"]
[Result "1/2-1/2"]
[WhiteElo "2244"]
[BlackElo "2158"]
[PlyCount "51"]
[EventDate "2010.11.02"]
[EventType "team-swiss"]
[EventRounds "8"]
[EventCountry "HUN"]
[SourceTitle "EXT 2016"]
[Source "ChessBase"]
[SourceDate "2015.10.08"]
[SourceVersion "1"]
[SourceVersionDate "2015.10.08"]
[SourceQuality "1"]

1. d4 Nf6 2. c4 e6 3. Nc3 Bb4 4. Qc2 0-0 5. Nf3 b6 6. e4 Bxc3+ 7. bxc3 c5 8. Bd3 Ne8 9. e5 f5 10. exf6 Nxf6 11. Bg5 h6 12. Bh4 Nc6 13. Ne5 Qc7 14. Bg3 d6 15. Nxc6 Qxc6 16. 0-0 Bd7 17. Qe2 Rae8 18. Rfe1 Bc8 19. Rac1 Bb7 20. f3 cxd4 21. cxd4 Nh5 22. Be4 Nxg3 23. hxg3 Qd7 24. Bxb7 Qxb7 25. c5 Qd5 26. Qc4 1/2-1/2

[Event "HUN-chT U18"]
[Site "Miskolc"]
[Date "2010.11.05"]
[Round "6.2"]
[White "Eltigani, Omar"]
[Black "Toth, Gergely"]
[Result "1/2-1/2"]
[WhiteElo "2231"]
[BlackElo "2158"]
[PlyCount "50"]
[EventDate "2010.11.02"]
[EventType "team-swiss"]
[EventRounds "8"]
[EventCountry "HUN"]
[SourceTitle "EXT 2016"]
[Source "ChessBase"]
[SourceDate "2015.10.08"]
[SourceVersion "1"]
[SourceVersionDate "2015.10.08"]
[SourceQuality "1"]

1. d4 Nf6 2. c4 e6 3. Nf3 Bb4+ 4. Bd2 Qe7 5. g3 b6 6. Bg2 Bb7 7. 0-0 Bxd2 8. Qxd2 d6 9. Nc3 Ne4 10. Nxe4 Bxe4 11. Qe3 Bb7 12. Nh4 Bxg2 13. Nxg2 Nd7 14. Rac1 0-0 15. Nf4 Rfe8 16. Nd3 e5 17. dxe5 Nxe5 18. Nxe5 Qxe5 19. Qxe5 Rxe5 20. e3 f5 21. h4 Kf7 22. Kg2 g6 23. Rfd1 Ke6 24. Rd3 a5 25. a4 h5 1/2-1/2

[Event "HUN-chT U18"]
[Site "Miskolc"]
[Date "2010.11.04"]
[Round "5.1"]
[White "Nagy, Gabor"]
[Black "Toth, Gergely"]
[Result "1-0"]
[WhiteElo "2372"]
[BlackElo "2158"]
[PlyCount "81"]
[EventDate "2010.11.02"]
[EventType "team-swiss"]
[EventRounds "8"]
[EventCountry "HUN"]
[SourceTitle "EXT 2016"]
[Source "ChessBase"]
[SourceDate "2015.10.08"]
[SourceVersion "1"]
[SourceVersionDate "2015.10.08"]
[SourceQuality "1"]

1. e4 c5 2. Nf3 d6 3. d4 cxd4 4. Nxd4 Nf6 5. Nc3 g6 6. Bc4 Bg7 7. h3 Nc6 8. Be3 0-0 9. 0-0 Bd7 10. Bb3 a6 11. Re1 b5 12. Nd5 Nxd5 13. exd5 Ne5 14. Qd2 Rc8 15. Bh6 Nc4 16. Bxc4 Rxc4 17. Bxg7 Kxg7 18. Re4 Re8 19. Rae1 Rc5 20. Nb3 Rc7 21. Rh4 h5 22. Qd4+ Kg8 23. Nd2 e5 24. dxe6 Rxe6 25. Rxe6 Bxe6 26. c3 Bg4 27. Ne4 Qxh4 28. Nf6+ Kf8 29. Qxd6+ Re7 30. hxg4 Kg7 31. Qxe7 Qxf6 32. Qxf6+ Kxf6 33. gxh5 gxh5 34. f3 Ke5 35. Kf2 Kd6 36. b3 h4 37. Ke3 Ke5 38. c4 Kd6 39. Kd4 Kc6 40. cxb5+ axb5 41. a4 1-0

[Event "HUN-chT2 Charousek 1011"]
[Site "Hungary"]
[Date "2010.10.24"]
[Round "4"]
[White "Monda, Laszlo"]
[Black "Toth, Gergely"]
[Result "0-1"]
[WhiteElo "2149"]
[BlackElo "2131"]
[PlyCount "60"]
[EventDate "2010.09.12"]
[EventType "team-tourn"]
[EventRounds "11"]
[EventCountry "HUN"]
[SourceTitle "EXT 2012"]
[Source "ChessBase"]
[SourceDate "2011.11.24"]
[SourceVersion "1"]
[SourceVersionDate "2011.11.24"]
[SourceQuality "1"]
[WhiteTeam "Tapolca"]
[BlackTeam "Paks II"]
[WhiteTeamCountry "HUN"]
[BlackTeamCountry "HUN"]

1. c4 Nf6 2. Nf3 e6 3. g3 b6 4. Bg2 Bb7 5. 0-0 Be7 6. b3 0-0 7. Bb2 c5 8. Qc2 Nc6 9. e3 Nb4 10. Qc3 Be4 11. Ne1 Bxg2 12. Nxg2 d5 13. d3 d4 14. exd4 cxd4 15. Qd2 a5 16. Na3 e5 17. Nb5 Re8 18. a3 Nc6 19. Rfe1 Bc5 20. Nh4 Qd7 21. Qg5 h6 22. Qf5 Qb7 23. Rad1 Re6 24. Qf3 Rae8 25. Nf5 Qd7 26. g4 Nxg4 27. Ng3 Rf6 28. Qd5 Qc8 29. Rd2 Ne7 30. Qg2 Nf5 0-1

[Event "HUN-chT2 Charousek 0910"]
[Site "Hungary"]
[Date "2010.04.11"]
[Round "9"]
[White "Toth, Gergely"]
[Black "Mihalik, Agoston"]
[Result "0-1"]
[WhiteElo "2067"]
[BlackElo "2189"]
[PlyCount "86"]
[EventDate "2009.11.08"]
[EventType "team-tourn"]
[EventRounds "11"]
[EventCountry "HUN"]
[SourceTitle "EXT 2011"]
[Source "ChessBase"]
[SourceDate "2010.11.26"]
[SourceVersion "1"]
[SourceVersionDate "2010.11.26"]
[SourceQuality "1"]
[WhiteTeam "Paks II"]
[BlackTeam "Haladas II"]
[WhiteTeamCountry "HUN"]
[BlackTeamCountry "HUN"]

1. e4 c5 2. Nf3 d6 3. d4 cxd4 4. Qxd4 a6 5. Be3 Nf6 6. Nc3 Nbd7 7. 0-0-0 e6 8. h4 Ng4 9. h5 Nxe3 10. Qxe3 h6 11. Kb1 Qa5 12. g4 Be7 13. Rg1 Ne5 14. Nd4 Nc6 15. Nb3 Qc7 16. Be2 Na5 17. f4 Nc4 18. Qd4 b5 19. Qxg7 Rf8 20. g5 hxg5 21. h6 Bb7 22. h7 0-0-0 23. Rh1 Rh8 24. Qxf7 Ne3 25. Qxe6+ Kb8 26. Rd2 gxf4 27. Nd4 Bf8 28. Nd5 Nxd5 29. exd5 Rxh7 30. Rf1 Re7 31. Qf5 Re5 32. Qxf4 Bxd5 33. Bd3 Bg7 34. Nf5 Bf8 35. Ne3 Bxa2+ 36. Ka1 Qa5 37. Rdd1 Rde8 38. Ng4 Be6+ 39. Kb1 Qa2+ 40. Kc1 Bxg4 41. Qxg4 Bh6+ 42. Rf4 Re1 43. Rxe1 Qa1+ 0-1

[Event "HUN-chT2 Erkel 0910"]
[Site "Hungary"]
[Date "2010.02.28"]
[Round "7.7"]
[White "Toth, Gergely"]
[Black "Koszegi, Lajos"]
[Result "0-1"]
[WhiteElo "2159"]
[BlackElo "2071"]
[PlyCount "102"]
[EventDate "2009.11.08"]
[EventType "team-tourn"]
[EventRounds "11"]
[EventCountry "HUN"]
[SourceTitle "EXT 2011"]
[Source "ChessBase"]
[SourceDate "2010.11.26"]
[SourceVersion "1"]
[SourceVersionDate "2010.11.26"]
[SourceQuality "1"]
[WhiteTeam "Godollo"]
[BlackTeam "Budapest MTK"]
[WhiteTeamCountry "HUN"]
[BlackTeamCountry "HUN"]

1. e4 c5 2. Nc3 d6 3. f4 Nc6 4. Nf3 g6 5. Bc4 e6 6. f5 gxf5 7. d3 Be7 8. 0-0 Na5 9. Bb5+ Bd7 10. exf5 e5 11. Bxd7+ Qxd7 12. Ng5 Bxg5 13. Bxg5 f6 14. Bh4 0-0-0 15. Nd5 Qf7 16. c4 Nc6 17. Qa4 Kb8 18. b4 Nce7 19. Qa5 Nc6 20. Qb5 Nxb4 21. Nxb4 cxb4 22. Rab1 Qc7 23. Rxb4 Qc5+ 24. Kh1 Qxb5 25. Rxb5 h5 26. Rf3 Rh7 27. Rg3 Rf7 28. Rg6 Rdf8 29. Bf2 Ne7 30. Rh6 Nxf5 31. Rxh5 Ne7 32. Rh6 Rd8 33. Bh4 Rdf8 34. g4 Kc7 35. Bf2 b6 36. h4 f5 37. g5 e4 38. d4 f4 39. g6 Rg7 40. h5 e3 41. Bh4 Nf5 42. Rh8 Ng3+ 43. Bxg3 Rxh8 44. Bxf4 e2 45. Rb1 Rxh5+ 46. Kg2 Rxg6+ 47. Kf3 Rf6 48. Kg4 Rhf5 49. Bg3 Rf1 50. Be1 Rg6+ 51. Kh5 Rgg1 0-1

[Event "HUN-chT2 Charousek 0910"]
[Site "Hungary"]
[Date "2009.11.22"]
[Round "2"]
[White "Toth, Gergely"]
[Black "Majzik, Levente"]
[Result "1/2-1/2"]
[WhiteElo "2067"]
[BlackElo "2292"]
[PlyCount "113"]
[EventDate "2009.11.08"]
[EventType "team-tourn"]
[EventRounds "11"]
[EventCountry "HUN"]
[SourceTitle "EXT 2011"]
[Source "ChessBase"]
[SourceDate "2010.11.26"]
[SourceVersion "1"]
[SourceVersionDate "2010.11.26"]
[SourceQuality "1"]
[WhiteTeam "Paks II"]
[BlackTeam "Hobagoly"]
[WhiteTeamCountry "HUN"]
[BlackTeamCountry "HUN"]

1. e4 Nc6 2. Nf3 Nf6 3. e5 Ng4 4. d4 d5 5. Be2 e6 6. h3 Nh6 7. Bxh6 gxh6 8. Nh2 Bg7 9. c3 Ne7 10. Na3 c5 11. Nb5 0-0 12. 0-0 cxd4 13. cxd4 Qb6 14. Qd2 Bd7 15. Nd6 f6 16. Ng4 Ng6 17. Kh1 h5 18. Nh6+ Bxh6 19. Qxh6 Qxd4 20. exf6 Rxf6 21. Qg5 Qf4 22. Qxf4 Nxf4 23. Bb5 e5 24. Bxd7 Rxd6 25. Ba4 b5 26. Bb3 Rc8 27. g3 Nd3 28. Rad1 Nxb2 29. Rxd5 Rxd5 30. Bxd5+ Kg7 31. Be4 Rc4 32. Re1 h4 33. Kg2 hxg3 34. fxg3 Rd4 35. Re2 Nc4 36. Bc6 b4 37. Kf2 a5 38. Bb5 Kf6 39. Bc6 Nd6 40. Ke3 Rc4 41. Bd5 Rc3+ 42. Kf2 Nf5 43. g4 Ne7 44. Bg2 Ng6 45. Bf3 a4 46. Re4 b3 47. Rxa4 Rc2+ 48. Kg3 bxa2 49. Bd5 Rc3+ 50. Kf2 Nf4 51. Bxa2 Rxh3 52. Bb1 Kg5 53. Ra5 Kxg4 54. Rxe5 Rh2+ 55. Kg1 Rg2+ 56. Kf1 h6 57. Bf5+ 1/2-1/2

[Event "HUN-chT U18"]
[Site "Miskolc"]
[Date "2009.10.29"]
[Round "7.6"]
[White "To, Nhat Minh"]
[Black "Toth, Gergely"]
[Result "1-0"]
[WhiteElo "2392"]
[BlackElo "2067"]
[PlyCount "99"]
[EventDate "2009.10.26"]
[EventType "team-swiss"]
[EventRounds "8"]
[EventCountry "HUN"]
[SourceTitle "EXT 2016"]
[Source "ChessBase"]
[SourceDate "2015.10.08"]
[SourceVersion "1"]
[SourceVersionDate "2015.10.08"]
[SourceQuality "1"]

1. Nf3 Nf6 2. c4 e6 3. g3 d5 4. Bg2 Be7 5. 0-0 0-0 6. d4 c5 7. cxd5 exd5 8. Nc3 Nc6 9. Bg5 cxd4 10. Nxd4 Be6 11. Nxc6 bxc6 12. Na4 Qa5 13. Rc1 Rac8 14. b3 Rfd8 15. Qc2 c5 16. Qd2 Qb5 17. Rfd1 d4 18. Nb2 Nd5 19. Bxd5 Bxg5 20. Qxg5 Rxd5 21. Qd2 Bf5 22. Rc4 Re8 23. Nd3 Bxd3 24. Qxd3 Rde5 25. Rd2 h5 26. h4 g6 27. Rdc2 Kg7 28. b4 cxb4 29. Qxd4 Kg8 30. Rxb4 Qa5 31. Qc4 R5e7 32. e3 Rd7 33. Kg2 Qf5 34. Rb5 Qf6 35. Rc5 Qb6 36. Rc6 Qb7 37. Kh2 Kh7 38. Qf4 Ree7 39. Qf6 Rd1 40. Qf3 Qb1 41. Rc7 Rdd7 42. Rc8 Kg7 43. Qa8 Re6 44. Rg8+ Kf6 45. Qf3+ Ke7 46. Rcc8 Qb4 47. Rge8+ Kd6 48. Qc6+ Ke5 49. Rxe6+ fxe6 50. Qxd7 1-0

[Event "HUN-chT U18"]
[Site "Miskolc"]
[Date "2009.10.28"]
[Round "4.5"]
[White "Toth, Gergely"]
[Black "Petenyi, Tamas"]
[Result "0-1"]
[WhiteElo "2067"]
[BlackElo "2261"]
[PlyCount "58"]
[EventDate "2009.10.26"]
[EventType "team-swiss"]
[EventRounds "8"]
[EventCountry "HUN"]
[SourceTitle "EXT 2016"]
[Source "ChessBase"]
[SourceDate "2015.10.08"]
[SourceVersion "1"]
[SourceVersionDate "2015.10.08"]
[SourceQuality "1"]

1. e4 e5 2. Nf3 Nc6 3. Bc4 Nf6 4. d3 Be7 5. 0-0 0-0 6. c3 d6 7. h3 h6 8. Bb3 Kh8 9. Re1 Nh7 10. d4 Ng5 11. Nxg5 Bxg5 12. dxe5 Bxc1 13. Qxc1 Nxe5 14. Qe3 f5 15. exf5 Bxf5 16. Nd2 Qf6 17. Re2 Bd3 18. Ne4 Qg6 19. Kf1 Bxe2+ 20. Qxe2 Rae8 21. Re1 Nd7 22. Qc4 c6 23. Qb4 d5 24. Qd6 Re6 25. Qxd7 Rxe4 26. Rxe4 Qxe4 27. f3 Qe3 28. Qg4 Re8 29. Qg3 Qc1+ 0-1

[Event "HUN-chT U18"]
[Site "Miskolc"]
[Date "2009.10.27"]
[Round "3.1"]
[White "Fodor, Tamas Jr"]
[Black "Toth, Gergely"]
[Result "1-0"]
[WhiteElo "2430"]
[BlackElo "2067"]
[PlyCount "79"]
[EventDate "2009.10.26"]
[EventType "team-swiss"]
[EventRounds "8"]
[EventCountry "HUN"]
[SourceTitle "EXT 2016"]
[Source "ChessBase"]
[SourceDate "2015.10.08"]
[SourceVersion "1"]
[SourceVersionDate "2015.10.08"]
[SourceQuality "1"]

1. d4 Nf6 2. Nc3 g6 3. e4 d6 4. Be3 Bg7 5. f3 Nbd7 6. Qd2 0-0 7. g4 c5 8. Nge2 cxd4 9. Nxd4 Ne5 10. 0-0-0 Bd7 11. h4 b5 12. Ncxb5 Bxb5 13. Bxb5 Qb6 14. Be2 Rfb8 15. Nb3 Qc7 16. Qa5 Qc8 17. Kb1 Nc4 18. Bxc4 Qxc4 19. Bd4 e5 20. Bc3 Rb6 21. g5 Nh5 22. Qd5 Qc8 23. Bd2 Rc6 24. Rc1 Rb8 25. Be3 Qc7 26. Bxa7 Ra8 27. Be3 Rca6 28. a3 Nf4 29. Bxf4 exf4 30. Rhd1 Rb8 31. Rd3 Qa7 32. Rcd1 Be5 33. R3d2 Kg7 34. Rh2 Qc7 35. Qd3 Qa7 36. Qc4 Ra4 37. Qd5 Qc7 38. c3 Rxa3 39. bxa3 Qxc3 40. Ka2 1-0

[Event "HUN-chT U18"]
[Site "Miskolc"]
[Date "2009.10.27"]
[Round "2.7"]
[White "Zsipi, Alex Mark"]
[Black "Toth, Gergely"]
[Result "0-1"]
[WhiteElo "1905"]
[BlackElo "2067"]
[PlyCount "42"]
[EventDate "2009.10.26"]
[EventType "team-swiss"]
[EventRounds "8"]
[EventCountry "HUN"]
[SourceTitle "EXT 2016"]
[Source "ChessBase"]
[SourceDate "2015.10.08"]
[SourceVersion "1"]
[SourceVersionDate "2015.10.08"]
[SourceQuality "1"]

1. e4 c5 2. Nf3 d6 3. d4 cxd4 4. Nxd4 Nf6 5. Nc3 g6 6. Be3 Bg7 7. f3 Nc6 8. Qd2 0-0 9. 0-0-0 d5 10. Kb1 Rb8 11. h4 h5 12. Rg1 e5 13. Nxc6 bxc6 14. Bg5 Qb6 15. Na4 Qxg1 16. Be3 Qh2 17. Bc5 Qxh4 18. Bxf8 Bxf8 19. Qa5 Be6 20. Qxa7 Nd7 21. Qc7 dxe4 0-1